000 00505nam a2200169Ia 4500
008 090201s9999 xx 000 0 und d
010 _aKPL-63309
040 _bमराठी
041 _aमराठी
082 _a2913
_b63309
100 _aप्रकाश जोशी
245 _aमावळमौजा
_cप्रकाश जोशी
260 _c2004
_bआपलं प्रकाशन
300 _a212
_bमोठा
600 _aमावळमौजा
942 _cBOOK
999 _c203992
_d203992